| 000 | 00947nam a2200253Ia 4500 | ||
|---|---|---|---|
| 003 | OSt | ||
| 005 | 20221005105717.0 | ||
| 006 | a|||||r|||| 00| 0 | ||
| 007 | ta | ||
| 008 | 221004b |||||||| |||| 00| 0 hin d | ||
| 024 | _a31880 | ||
| 037 | _cTextual | ||
| 040 |
_aCRL _cCRL _bhin |
||
| 041 |
_2hin _ahin |
||
| 082 | _aO152,1:g, P3 | ||
| 100 | _aझारी, कृष्णदेव | ||
| 245 | 0 |
_aसाहित्यालोचन _b साहित्य-सिद्धान्त और साहित्य-विधाएॅं |
|
| 246 | _aSāhityālochana: sāhitya-siddhānta aur sāhitya-vidhāeॅan | ||
| 260 |
_aनई दिल्ली _bशारदा प्रकाशन भारत _c2003 |
||
| 300 |
_a317पृ. _ccm. |
||
| 650 | _aहिन्दी साहित्य | ||
| 942 |
_hO152,1:g, P3 _cTEXL _2cc |
||
| 999 |
_c1016657 _d1016657 |
||